Batman Franchise - Statistics

General Stats
  • This quiz has been taken 125 times
    95 since last reset
  • The average score is 55 of 184
Answer Stats
Type Year Name Info % Correct
Film 1943 Batman Columbia Pictures
100%
Comic Strip 1943-1946 Batman Bob Kane
100%
Film 1966 Batman 20th Century Fox
100%
TV Show 1966-1968 Batman ABC
100%
Video Game 1986 Batman Ocean Software
100%
Film 1989 Batman Warner Bros.
100%
Video Game 1989 Batman Ocean Software
100%
Video Game 1989 Batman Sunsoft
100%
Comic Strip 1989-1991 Batman William Messner-Loebs
100%
Video Game 1990 Batman Sunsoft
100%
Video Game 1990 Batman Sunsoft / Sega
100%
Video Game 1990 Batman Sega
100%
Video Game 1990 Batman Atari
100%
Video Game 2013 Batman Raw Thrills
100%
Film 1995 Batman Forever Warner Bros.
100%
Video Game 1995 Batman Forever Acclaim Entertainment / Tectoy
100%
Theme Park Attraction 1995 Batman Forever Six Flags Great Adventure
100%
TV Show 1992-1995 Batman: The Animated Series Fox Kids
100%
Video Game 1993 Batman: The Animated Series Konami
100%
Video Game 2004 The Batman Jakks Pacific
100%
TV Show 2004-2008 The Batman Cartoon Network / Kids' WB / The CW
100%
Film 2022 The Batman Warner Bros.
100%
Film 2008 The Dark Knight Warner Bros.
94%
Video Game 2008 The Dark Knight Warner Bros. Online
94%
Theme Park Attraction 2002-Present Batman: The Dark Knight Six Flags New England
92%
Video Game 2008 Batman: The Dark Knight EA
92%
Comic Strip 1953 Batman and Robin Walter B. Gibson
87%
Film 1997 Batman & Robin Warner Bros.
87%
Video Game 1998 Batman & Robin Acclaim Entertainment / Tiger Electronics
87%
Film 2012 The Dark Knight Rises Warner Bros.
87%
Video Game 2012 The Dark Knight Rises Gameloft
87%
Film 2005 Batman Begins Warner Bros.
83%
Video Game 2005 Batman Begins EA
83%
Video Game 2005 Batman Begins Warner Bros. Online
83%
Film 1949 New Adventures of Batman and Robin, the Wonder Boy Columbia Pictures
83%
Film 2016 Batman v Superman: Dawn of Justice Warner Bros.
77%
Film 1992 Batman Returns Warner Bros.
72%
Video Game 1992 Batman Returns Sega / Atari / Konami / Tiger Electronics
72%
TV Show 2014-2019 Gotham FOX
64%
Theme Park Attraction 2002-Present Batman: Arkham Asylum Parque Warner Madrid
62%
Video Game 2009 Batman: Arkham Asylum Eidos Interactive / Warner Bros. Interactive
62%
Video Game 2005 Batman: Arkham Knight Warner Bros. Interactive
58%
Film 2019 Joker Warner Bros.
55%
Theme Park Attraction 2013-Present The Joker Six Flags México
55%
Video Game 2011 Batman: Arkham City Warner Bros. Interactive
53%
Film 1993 Batman: Mask of the Phantasm Warner Bros.
53%
TV Show 1999-2002 Batman Beyond Kids' WB
47%
Film 2012 Batman: The Dark Knight Returns - Part 1 Warner Bros.
45%
Film 2013 Batman: The Dark Knight Returns - Part 2 Warner Bros.
45%
TV Show 2008-2011 Batman: The Brave and the Bold Cartoon Network
43%
Video Game 2010 Batman: The Brave and the Bold - The Videogame Warner Bros. Interactive
43%
Film 2018 Scooby-Doo! & Batman: The Brave and the Bold Warner Bros.
43%
Video Game 2013 Batman: Arkham Origins Warner Bros. Interactive
42%
Film 2021 Batman: The Long Halloween Warner Bros.
42%
Film 2010 Batman: Under the Red Hood Warner Bros.
40%
Film 2018 Batman Ninja Warner Bros.
38%
Film 2016 Batman: The Killing Joke Warner Bros.
38%
Video Game 2008 LEGO Batman: The Mobile Game Warner Bros. Interactive
38%
Video Game 2008 Lego Batman: The Videogame Warner Bros. / Feral Interactive
38%
Film 2008 Batman: Gotham Knight Warner Bros.
36%
TV Show 2019-Present Batwoman The CW
36%
Film 2011 Batman: Year One Warner Bros.
32%
Film 2019 Batman: Hush Warner Bros.
30%
Web Series 2019 Harley Quinn DC Universe
30%
Video Game 2022 Gotham Knights Warner Bros. Interactive
28%
Film 2000 Batman Beyond: Return of the Joker Warner Bros.
26%
Video Game 2000 Batman Beyond: Return of the Joker Ubisoft
26%
Film 1998 Batman & Mr. Freeze: SubZero Warner Bros.
26%
Video Game 1991 Batman: Return of the Joker Sunsoft
26%
Film 2015 Batman vs. Robin Warner Bros.
25%
Video Game 2012 Lego Batman 2: DC Super Heroes Warner Bros. Interactive / Feral Interactive
23%
Video Game 2014 Lego Batman 3: Beyond Gotham Warner Bros. Interactive / Feral Interactive
23%
Film 2018 Batman: Gotham by Gaslight Warner Bros.
21%
TV Show 2019-Present Pennyworth Epix
21%
Film 2014 Son of Batman Warner Bros.
21%
Film 2005 The Batman vs. Dracula Warner Bros.
21%
Web Series 2022 Batman: Caped Crusader HBO Max
19%
Film 2020 Batman: Death in the Family Warner Bros.
19%
Film 2003 Batman: Mystery of the Batwoman Warner Bros.
19%
Video Game 1988 Batman: The Caped Crusader Ocean Software / Data East / Erbe SA
19%
Film 2020 Birds of Prey and the Fantabulous Emancipation of One Harley Quinn Warner Bros.
19%
Film 2010 Superman/Batman: Apocalypse Warner Bros.
19%
Film 2017 The Lego Batman Movie Warner Bros.
19%
Film 2017 Batman and Harley Quinn Warner Bros.
17%
TV Show 2013-2014 Beware the Batman Cartoon Network / Adult Swim
17%
Film 2009 Superman/Batman: Public Enemies Warner Bros.
17%
Film 2016 Batman: Bad Blood Warner Bros.
15%
Video Game 2016 Batman: The Telltale Series Telltale Games
15%
Film 2019 Batman vs. Teenage Mutant Ninja Turtles Warner Bros.
15%
TV Show 1977 The New Adventures of Batman CBS
15%
Web Series 2015 Batman Unlimited ????
13%
Film 2004 Catwoman Warner Bros.
13%
Theme Park Attraction 1998-Present Mr. Freeze: Reverse Blast Six Flags Over Texas / Six Flags St. Louis
13%
TV Film 1997 The Batman Superman Movie: World's Finest Fox Kids
13%
Film 2014 Batman: Assault on Arkham Warner Bros.
11%
Fan Film 2004 World's Finest Collora Studios / TheForce.Net
11%
Video Game 2017 Batman: The Enemy Within Telltale Games
9%
Film 2017 Batman vs. Two-Face Warner Bros.
9%
TV Show 1968-1969 The Adventures of Batman CBS
9%
Video Game 2013 Batman: Arkham Origins Blackgate Warner Bros. Interactive
8%
Video Game 2016 Batman: Arkham VR Warner Bros. Interactive
8%
Theme Park Attraction 1992-Present Batman: The Ride (Various)
8%
Theme Park Attraction 2015-Present Batman: The Ride Six Flags Fiesta Texas / Six Flags Discovery Kingdom
8%
Film 2015 Batman Unlimited: Animal Instincts Warner Bros.
8%
Fan Film 1964 Batman Dracula N/A
6%
Fan Film 2021 Batman: Dying Is Easy Bat in the Sun
6%
Film 2016 Batman: Return of the Caped Crusaders Warner Bros.
6%
Theme Park Attraction 1986-2005 Batman The Escape Six Flags AstroWorld / Six Flags Great Adventure / Six Flags Magic Mountain
6%
Film 2015 Batman Unlimited: Monster Mayhem Warner Bros.
6%
TV Show 2017 Powerless NBC / TVNZ OnDemand
6%
Video Game 1994 The Adventures of Batman & Robin Konami / Sega
6%
Video Game 2003 Batman: Dark Tomorrow Kemco
4%
Fan Film 2003 Batman: Dead End Collora Studios / TheForce.Net
4%
Radio Drama 2007 Batman: Knightfall BBC Radio 1
4%
Film 2021 Batman: Soul of the Dragon Warner Bros.
4%
Film 2016 Batman Unlimited: Mechs vs. Mutants Warner Bros.
4%
Fan Film 2010 City of Scars Bat in the Sun
4%
Film 2019 LEGO DC Batman: Family Matters Warner Bros.
4%
Fan Film 2011 Seeds of Arkham Bat in the Sun
4%
Theme Park Attraction 1998-Present The Riddler's Revenge Six Flags Magic Mountain
4%
Theme Park Attraction 1992-2014 Batman Adventure - The Ride Warner Bros. Movie World / Warner Bros. Movie World Germany / Parque Warner Madrid
2%
Video Game 2011 Batman: Arkham City Lockdown Warner Bros. Interactive
2%
Fan Film 2012 Batman: Death Wish N/A
2%
Manga 2008 Bat-Manga!: The Secret History of Batman in Japan Jiro Kuwata
2%
Video Game 2016 Batman: Return to Arkham Warner Bros. Interactive
2%
Theme Park Attraction 1997-2007 Batman & Robin: The Chiller Six Flags Great Adventure
2%
Video Game 2001 Batman: Vengeance Ubisoft
2%
Theme Park Attraction 2001-Present Batwing Six Flags America
2%
Theme Park Attraction 2000-Present Catwoman's Whip Six Flags New England
2%
Video Game 2012 Gotham City Impostors Warner Bros. Interactive
2%
Musical 2012 Holy Musical B@man! Nick Gage / Scott Lamps
2%
Film 2013 Lego Batman: The Movie - DC Super Heroes Unite Warner Bros.
2%
TV Short 2014 Lego DC Comics: Batman Be-Leaguered Cartoon Network
2%
TV Show 1968-1969 The Batman/Superman Hour CBS
2%
TV Show 1997-2000 The New Batman/Superman Adventures The WB
2%
Film 1965 Alyas Batman at Robin D'lanor Productions
0%
Film 1991 Alyas Batman en Robin Regal Films
0%
Theme Park Attraction 1995-2012 Arkham Asylum - Shock Therapy Warner Bros. Movie World
0%
Video Game 2001 Batman: Chaos in Gotham Ubisoft
0%
Manga 2000-2001 Batman: Child of Dreams Kia Asamiya
0%
Reference Book 2005 Batman: Cover to Cover Frank Miller / Jim Lee / Tim Sale
0%
Novel 2006 Batman: Dead White John Shirley
0%
Manga 2008 Batman: Death Mask Yoshinori Natsume
0%
Novel 2007 Batman: Fear Itself Michael Reaves / Steven-Elliot Altman
0%
Film 1967 Batman Fights Dracula Lea Productions
0%
Video Game 1997 Batman Forever: The Arcade Game Acclaim Entertainment
0%
Video Game 2001 Batman: Gotham City Racer Ubisoft
0%
Video Game 2010 Batman: Guardian of Gotham Glu Mobile
0%
Novel 2006 Batman: Inferno Alex Irvine
0%
Video Game 2003 Batman: Justice Unbalanced The Learning Company
0%
Theme Park Attraction 2000-Present Batman: Knight Flight Geauga Lake / Kings Dominion
0%
Theme Park Attraction 2018-Present Batman: Knight Flight Warner Bros. World Abu Dhabi
0%
Stage Show 2011 Batman Live Manchester Evening News Arena
0%
Video Game 2003 Batman: Rise of the Sin Tzu Ubisoft
0%
Theme Park Attraction 2005 Batman: Shadows of Gotham Warner Bros. Movie World
0%
Reference Book 1999 Batman: The Complete History Les Daniels
0%
Radio Drama 1989 Batman: The Lazarus Syndrome BBC Radio 4
0%
Novel 1995 Batman: The Ultimate Evil Andrew Vachss
0%
Video Game 2003 Batman: Toxic Chill The Learning Company
0%
Reference Book 2000 Batman Unmasked Will Brooker
0%
Theme Park Attraction 2004 Batman vs. Catwoman: Catfight Six Flags Great Adventure
0%
Comic Strip 1966-1973 Batman with Robin the Boy Wonder Whitney Ellsworth
0%
Theme Park Attraction 2006-Present Batwing Spaceshot Warner Bros. Movie World
0%
Novel 2009 Enemies & Allies Kevin J. Anderson
0%
Film 1973 Fight Batman Fight! Pacific Films
0%
Theme Park Attraction 1999 Gotham City: Carnival of Chaos Six Flags Great Adventure
0%
Theme Park Attraction 2000-Present Gotham City Gauntlet: Escape from Arkham Asylum Kentucky Kingdom / Six Flags New England
0%
Fan Film 2004 Grayson Untamed Cinema / TheForce.Net
0%
Film 1966 James Batman Sampaguita Pictures
0%
Theme Park Attraction 1978-Present Mind Bender Six Flags Over Georgia
0%
Video Game 2009 Superman/Batman: Heroes United Glu Mobile
0%
Video Game 1996 The Adventures of Batman and Robin Activity Center Gryphon Software Corp.
0%
Video Game 1995 The Adventures of Batman and Robin Cartoon Maker Knowledge Adventure
0%
Reference Book 2005 The Batman Handbook: The Ultimate Training Manual Scott Beatty
0%
Theme Park Attraction 1992-1994 The Batman Stunt Show Six Flags Great Adventure
0%
Video Game 2008 The Dark Knight: Batmobile Game Warner Bros. Online
0%
Theme Park Attraction 2008-Present The Dark Knight Coaster Six Flags Great Adventure / Six Flags Great America / Six Flags México
0%
Theme Park Attraction 1996-2005 The Jester Six Flags Fiesta Texas / Six Flags New Orleans
0%
Theme Park Attraction 1999-Present The Joker's Jinx Six Flags America
0%
Video Game 2017 The LEGO Batman Movie Game Warner Bros. Interactive
0%
Theme Park Attraction 2003-Present The Penguin's Blizzard River Six Flags America
0%
Theme Park Attraction 1995 The Total Batman Experience Warner Bros. Movie World
0%
Fan Film 1966 The Wild World of Batwoman ADPProductions
0%
Novel 2012 Wayne of Gotham Tracy Hickman
0%
No matching quizzes found
Score Distribution
Percent of People with Each Score
Percentile by Number Answered
Your Score History
You have not taken this quiz since the last reset